00646 2200169 4500245003900000020002200039250001100061100002000072650002000092005001900112260003100131041001400162084001100176300002200187500025800209336000900467 aHello SalmacErisca FebrianihText a978-602-5508-23-3 aCet. 1 aErisca Febriani aNovel Indonesia a20230929081118 aDepokbCoconut Booksc2018 aIndonesia a808.83 a384 hlm. :cilus. a"Kata 'putus ' sedemikian gampangnya keluar dari mulut kamu? Emangnya saya yang terus berjuang,tapi yang diperjuangin juga jangan seenaknya." Itu kalimat terakhir yang keluar dari bibir Nathan setelah tahu Salma dengan mudah memutuskan hubungan mereka.. atext